000 00457nam a2200193Ia 4500
005 20240823043404.0
008 240823s9999||||xx |||||||||||||| ||und||
020 _a978-0-07-070243-1
041 _aENGLISH
082 _A530.12 K8
100 _aLeonard I Schiff
245 0 _aQuantum Mechanics
250 _a3rd
260 _c1968
_b"Tata Mcgraw Hill,New "
500 _aTRANSFERED
650 _aMechanics
_bPhysics
942 _cBK
999 _c210123
_d210123